|
|
|
|
| LEADER |
01269cam a22003134a 4500 |
| 001 |
11921008 |
| 005 |
20020617085200.0 |
| 008 |
000224s2001 njua b 001 0 eng |
| 010 |
|
|
|a 00027103
|
| 020 |
|
|
|a 0130882623
|
| 040 |
|
|
|a DLC
|c DLC
|d DLC
|d BD-DhAAL
|
| 042 |
|
|
|a pcc
|
| 050 |
0 |
0 |
|a HD30.37
|b .P36 2001
|
| 082 |
0 |
0 |
|a 005.7/1
|2 21
|
| 100 |
1 |
|
|a Panko, R. R.
|9 809
|
| 245 |
1 |
0 |
|a Business data communications and networking /
|c Raymond R. Panko.
|
| 250 |
|
|
|a 3rd ed.
|
| 260 |
|
|
|a Upper Saddle River, N.J. :
|b Prentice Hall,
|c c2001.
|
| 300 |
|
|
|a xxv, 438 p. :
|b ill. (some col.) ;
|c 25 cm.
|
| 504 |
|
|
|a Includes bibliographical references and index.
|
| 541 |
|
|
|e 00010307
|
| 650 |
|
0 |
|a Business enterprises
|x Computer networks
|v Study guides.
|9 810
|
| 650 |
|
0 |
|a Computer networks
|x Management
|v Study guides.
|9 811
|
| 650 |
|
0 |
|a Data transmission systems
|v Study guides.
|9 812
|
| 906 |
|
|
|a 7
|b cbc
|c orignew
|d 1
|e ocip
|f 20
|g y-gencatlg
|
| 942 |
|
|
|2 ddc
|c AV
|
| 955 |
|
|
|a to SSCD pb11 02-24-00; se42 02-25-00; to Dewey 02-25-00;aa03 2-28-00
|a ps11 2002-06-11 bk rec'd, to CIP ver.
|
| 999 |
|
|
|c 10065
|d 10065
|
| 952 |
|
|
|0 0
|1 0
|2 ddc
|4 0
|6 005_710000000000000_PAN
|7 0
|9 13241
|a BRACUL
|b BRACUL
|c GEN
|d 2010-11-13
|l 1
|m 13
|o 005.71 PAN
|p 3010010307
|r 2020-01-12
|s 2019-09-30
|t 1
|w 2010-11-13
|y BK
|